| 000 | 00384cam a2200169ua 4500 | ||
|---|---|---|---|
| 020 | _c2.00 | ||
| 041 |
_ahin _h |
||
| 082 |
_a891.54 _bKES/HA |
||
| 100 | _aKeshav, Sagar . | ||
| 245 |
_aHawa ke chamatkar / _cKeshav Sagar. _hTextual Documents |
||
| 260 |
_a : _bRajpal and Sanch. |
||
| 300 | _a103 ; . | ||
| 365 | _a2.00 | ||
| 504 | _a | ||
| 942 | _cBK | ||
| 999 |
_c8227 _d8227 |
||